000 00500nam a2200157Ia 4500
005 20250421135024.0
008 231217s9999 xx 000 0 und d
020 _a9788177588132
082 _a658.3153 SIN;1
100 _aSinha, PRN. Indu, Bala Sinha. Seema Priyadarshini Shekhar.
245 0 _aIndustrial relations, trade unions and labour legislation
260 _c2006
_bDorling Kindersley
_aNoida
300 _axx, 632
650 _arelations,,trade,unions,labour,legislation
942 _cAA
999 _c192829
_d192829